000 00536nam a22002057a 4500
003 UA-OsUOA
001 82113
007 ta
008 20120221b un ||||| |||| 00| 0 ukr d
090 _a94(477)
_bЛ93
942 _cSA
040 _aUA-OsUOA
_bfre
_cUA-OsUOA
_dUA-OsUOA
245 _aЛюдина високої думки. Джеймсові Мейсу -60!
300 _aС.6-7
955 _a0
041 _afre
080 _a94(477)
773 0 _w82112
650 7 _a9 Географія. Біографії. Історія
_2UDC
999 _c368417
_d368417